| 000 | 00414nam a2200145Ia 4500 | ||
|---|---|---|---|
| 008 | 230917s9999||||xx |||||||||||||| ||und|| | ||
| 040 |
_e104746 _aMAIN |
||
| 041 | _aEnglish | ||
| 082 | _a355.40954 J595B | ||
| 100 | _aSingh, Joginder | ||
| 245 | 0 | _aBehind the scene: an analysis of india's military operations 1947-1971 | |
| 260 |
_aNew Delhi _bLancer International _c1993 |
||
| 300 | _axv,273p p. | ||
| 942 | _cBK | ||
| 999 |
_c121692 _d121692 |
||